| 000 | 00605nam a22002411c 4500 | ||
|---|---|---|---|
| 001 | a987663674 | ||
| 008 | 090506s2005 gw |||| 000u rus d | ||
| 041 | _arus | ||
| 100 | 1 | _aMatveev, Michail N. | |
| 245 | 0 | 0 | _aVlast' i obščestvo v sisteme Sovetov narodnych deputatov v 1977-1993 gg. |
| 264 |
_aSamara, _c2005 |
||
| 300 | _a456 S. | ||
| 650 | 0 | _aVerwaltung | |
| 650 | 0 | _aStadtverwaltung | |
| 650 | 0 | _aProvinz | |
| 650 | 0 | _aParlament | |
| 650 | 0 | _aSowjet | |
| 650 | 0 | _aPerestrojka | |
| 710 | 2 | _aSamarskij gos. universitet | |
| 942 | _cMG | ||
| 040 | _cRU-10907106 | ||
| 003 | RU-10907106 | ||
| 999 |
_c17940 _d17940 |
||